00330nam a22001097a 4500020000800000040001600008082001300024100002100037245008900058260003600147300003700183 qPB. cFIZZA ISHAQ a178bBRO aBrown, Peter G.  aWater Ethics Foundational Readings for Students and Professionals /cPeter G. Brown. aNEW YORK:bIsland Press,c2010. a301 p. ;c‎ 6 x 0.7 x 9 inches